What makes things move? / (Record no. 102501)
[ view plain ]
| 000 -LEADER | |
|---|---|
| fixed length control field | 00471nam a2200169 a 4500 |
| 005 - DATE AND TIME OF LATEST TRANSACTION | |
| control field | 20140412111237.0 |
| 008 - FIXED-LENGTH DATA ELEMENTS--GENERAL INFORMATION | |
| fixed length control field | 001113s19uu xx 00 eng d |
| 020 ## - INTERNATIONAL STANDARD BOOK NUMBER | |
| International Standard Book Number | 0-8167-2125-4 |
| 050 ## - LIBRARY OF CONGRESS CALL NUMBER | |
| Classification number | M 531 |
| Item number | Al467 1991 |
| 100 ## - MAIN ENTRY--PERSONAL NAME | |
| Personal name | Althea |
| 245 ## - TITLE STATEMENT | |
| Title | What makes things move? / |
| Statement of responsibility, etc | by Althea ; illustrated by Robina Green. |
| 260 ## - PUBLICATION, DISTRIBUTION, ETC. (IMPRINT) | |
| Place of publication, distribution, etc | Mahwah, NJ : |
| Name of publisher, distributor, etc | Troll Associates, |
| Date of publication, distribution, etc | 1991. |
| 300 ## - PHYSICAL DESCRIPTION | |
| Extent | 31 p ; ill. |
| 650 ## - SUBJECT ADDED ENTRY--TOPICAL TERM | |
| Topical term or geographic name as entry element | Motion |
| 650 ## - SUBJECT ADDED ENTRY--TOPICAL TERM | |
| Topical term or geographic name as entry element | Force and energy |
| Withdrawn status | Lost status | Damaged status | Home library | Current library | Shelving location | Date acquired | Source of acquisition | Total Checkouts | Full call number | Barcode | Date last seen | Price effective from | Koha item type |
|---|---|---|---|---|---|---|---|---|---|---|---|---|---|
| Elizalde Library | Elizalde Library | Main Section | 11/13/2000 | M 531 Al467 1991 | E1912 | 04/12/2014 | 04/12/2014 | Books |